| 000 | 01010nam a2200229Ia 4500 | ||
|---|---|---|---|
| 003 | Ost | ||
| 005 | 20260507074853.0 | ||
| 008 | 260507s9999||||xx |||||||||||||| ||und|| | ||
| 020 | _a9957180819 | ||
| 040 | _cfsecg | ||
| 041 | _aara | ||
| 082 | _a658.3 | ||
| 100 |
_aالصيرفي، محمد عبد الفتاح _eمؤلف |
||
| 245 | 0 |
_aإدارة الموارد البشرية / _c محمد عبد الفتاح الصيرفي |
|
| 260 |
_aعمان: _bدار المناهج للنشر والتوزيع, _c2006 |
||
| 300 |
_a337 صفحة؛ _bإيضاحات ؛ _c25 سم |
||
| 520 | _aيضم المفاهيم والمبادئ، تخطيط القوى العاملة، تحليل الوظائف، تخطيط القوى العاملة، تحليل هيكل العمالة، سياسة الإختيار والتعيين، تقييم الوظائف، هيكل الأجور. | ||
| 653 | _aإدارة الأفراد | ||
| 653 | _aالإدارة | ||
| 653 | _aالقوى العاملة | ||
| 942 | _cكتاب | ||
| 999 |
_c41588 _d41588 |
||